000 01372nam0a2200349 4500
001 RU\NLR\bibl\1757915
005 20250616122949.0
010 _a978-5-459-00323-9
_94000
021 _aRU
_b2011-20832
_91463
035 _a(NLR Aleph) 001748742
090 _a1505350
_c1505350
100 _a20110412d2011 |||y0rusy50 ca
101 1 _arus
_ceng
102 _aRU
105 _aa |||||||||
200 1 _aИгры для разума и памяти
_e[тренажер на каждый день]
_fМартин Коэн
_g[пер. с англ. С. Зубков]
210 _aСанкт-Петербург [и др.]
_cПитер
_d2011
215 _a175, [1] c.
_cил.
_d21
225 1 _aСам себе психолог
300 _aЗагл. и авт. ориг.: Mind games / Martin Cohen
454 0 _12001#$aMind games
_1700#1$aCohen$bM.$gMartin$4070
_tMind games
_aCohen, Martin
606 1 _aИнтеллект
_jПопулярные издания
_xРазвитие
_92099995
_3RU\NLR\auth\661270168
606 1 _aПамять
_jПопулярные издания
_xРазвитие
_91814920
_3RU\NLR\auth\66819162
686 _aЮ935.131-7я9
686 _aЮ935.12я9
700 1 _aКоэн
_bМ.
_gМартин
_4070
801 0 _aRU
_bNLR
_c20110412
_gRCR
801 1 _aRU
_bNLR
_c20110412
942 _cBOOK
980 _aNB
980 _aNBR